Finish the lyrics (: Quiz Stats

 Plays Quiz not verified by Sporcle

Score 0/12 Timer 10:00
0 Plays Today
Beginning... End (: % Correct
A dream is a wish...your heart makes.
88.4%
Mysterious as the...dark side of the moon.
65.1%
Tale as old as time...song as old as rhyme.
53.5%
There's children throwing snowballs...instead of throwing heads.
30.2%
But on the whole, I've been a saint to...those poor unfortunate souls.
25.6%
I'll be your...candle on the water.
25.6%
He's a tramp...but I love him.
23.3%
Think of a wonderful thought...any happy little thought.
20.9%
My words are...a matter of pride.
14%
Tell everybody I'm on my way...and I'm lovin' every step I take.
7%
We'd be a crazy team...why don't we make a scene? Together.
2.3%
All the flowers...would have extra special powers.
0%

You're not logged in!

Compare scores with friends on all Sporcle quizzes.
OR
Log In

Show Comments

Extras

Created Nov 6, 2010ReportNominate
Tags:Disney Quiz, Lyrics Quiz

Top Quizzes Today


Score Distribution

Your Account Isn't Verified!

In order to create a playlist on Sporcle, you need to verify the email address you used during registration. Go to your Sporcle Settings to finish the process.

Report this User

Report this user for behavior that violates our Community Guidelines.

Details: